000 00449nam a2200145Ia 4500
008 100204s9999 xx 000 0 und d
082 _b6741
100 _aकानिटकर माधव संपा.
245 _aरसनारंजन
260 _b"प्रपंच पंकाशन , पुणे"
_c1980 3
300 _a251
630 _aरसनारंजन
730 _aरसनारंजन
942 _cBOOK
999 _c451179
_d451176